00749nam a2200193 4500001000700000003000900007005001700016007000300033008004100036100002300077245008700100260005000187300003000237500007200267710005500339852002200394999001900416952012000435126684ES-MaACL20230906192848.0t|070214s1936 sp r ||||1| spa d1 aRevilla, A.99642410aCatálogo de los códices griegos de la Biblioteca de El Escorial /cA. Revilla. aMadrid : b[s.n.], c1936 (fImp. Helénica) aCXXXIV, 560 p. ; c25 cm. aEs el vol. I. Precede al Tit : Patronato de la Biblioteca Nacional.00aBiblioteca Nacional (España). bPatronato.92194 aES-MaACLjB-13904 c126684d126684 00104070aATENEOMbATENEOMcSPBd2008-01-17eSCl0oB-13904p1131954r2023-02-23 00:00:00w2023-02-23yMONOGRAFIA